Регионална библиотека "Любен Каравелов" - Русе

Светлината на вярата. Lumen fidei (Запис номер 487710)

MARC детайли
000 -Лидер
Контролно поле с фиксирана дължина 01438nam a2200277 a 4500
003 - Код на организацията, давaща контролен номер
Контролно поле BLK
005 - Дата и час на последна редакция
Контролно поле 20231016155258.0
008 - Елементи от данни с фиксирана дължина
fixed length control field 180409b bul|||||r ||||||| ||bul||
010 ## - Наследен системен номер
LC control number KNG00141321000
020 ## - Международен стандартен номер на книга ISBN
Международен стандартен номер на книга ISBN 9786197011036
040 ## - Източник на каталожния запис
Идентификатор на билиотеката - собственик на записа BLK
041 ## - Код за език
Код за езика на текст/звукозапис или на отделно заглавие Български
Код за езика КДБФ Български
080 ## - УДК
Текстов определител УДК Християнска религия
УДК код - определител по УДК 27
УДК определител -287
УДК - код + определител 27-287
100 ## - Редна дума - Автор
Автор Франциск, папа
Авторска отговорност първи автор
R(LIN) 337377
139 ## - Редно поле
Редна дума Франциск, папа
245 10 - Сведения за заглавието
Заглавие Светлината на вярата. Lumen fidei
Подзаглавни данни енциклика от светия отец Франциск до епископите, свещениците и дяконите, богопосветените и всички верни миряни относно вярата
Редно поле (дума) прев. Тони Николов.
260 ## - Област на издателските данни
Място на издаване, разпространение и проч. София
Име на издателя, разпространителя и проч. Катол. Апостолическа Екзархия
Година на издаване 2014
Печатница ([София] : [Булгед])
9 (RLIN) 212879
Издателство - префикс ISBN 978-954-92576- ; 954-90646- ; 954-91457-
300 ## - Физическа характеристика
Страници 104 с.
Размери/Мащаб 20 см
380 ## - Жанр
Жанр Религия. Теология
500 ## - Общи забележки
Забележка Ориг. загл.: Lumen fidei. - Франциск - духовно име на Хорхе Марио Берголио
650 #7 - Допълнително описание по предмет – тема
9 (RLIN) 176937
Основно описание – тема или топоним Християнство - проповеди
700 ## - Други автори (авторска отговорност)
Лично име Николов, Тони Георгиев
Дати, свързани с автора 1966-
9 (RLIN) 283685
852 ## - Местоположение
Форматна сигнатура Цб 315845
Фондова буква Хранилище
999 ## - СИСТЕМНИ КОНТРОЛНИ НОМЕРА
Koha biblionumber 487710
Koha biblioitemnumber 487710
942 ## - АРТИКУЛИ
Вид на библиотечния материал Книги
Скрит в OPAC Не
Периодичен библиозапис Да
944 ## - СЪЗДАВАНЕ И РЕДАКЦИЯ на ЗАПИСА
Създаване/Редакция Създаване
Дата на регистрацията/редакция 2022-12-16
Служител, извършил регистрацията/редакцията 30556
Статус, дата на статуса Теодора Пейчева-Дянкова
Наличности
Код за отписване Код за изгубен артикул Източник на класификационната схема Код за повреда Коз за рестрикции Код за отдаване Артикулен № Име на библиотеката - собственик Име на библиотеката, в която се намира в момента Статус (Текущо местоположение) Дата на вписване в системата Местоположение - отдел Цена в лева Систематично азбучна сигнатура Баркод Цена в евро Служебен тип на артикула
  Не е изгубен Universal Decimal Classification Не е повреден само за читалня ползва се в читалня 921005 Регионална библиотека "Любен Каравелов" Русе Регионална библиотека "Любен Каравелов" Русе Хранилище 2022-12-20 Хранилище 4.00 Цб 315845 120000880916 2.05 Книги
Vip Innovations Ltd, Rousse, Bulgaria 2025